The Holy Bible Containing the Old and New Testaments (Record no. 6900)

MARC details
000 -LEADER
fixed length control field 00549nam a22001577a 4500
003 - CONTROL NUMBER IDENTIFIER
control field GBCCL
005 - DATE AND TIME OF LATEST TRANSACTION
control field 20241126110614.0
008 - FIXED-LENGTH DATA ELEMENTS--GENERAL INFORMATION
fixed length control field 180703b ||||| |||| 00| 0 eng d
040 ## - CATALOGING SOURCE
Transcribing agency GBC
082 ## - DEWEY DECIMAL CLASSIFICATION NUMBER
Classification number 220.5203
Item number BIB
245 ## - TITLE STATEMENT
Title The Holy Bible Containing the Old and New Testaments
Remainder of title Translated out of the Original Tongues and with the Former Translations Diligently Compared and Revised
260 ## - PUBLICATION, DISTRIBUTION, ETC.
Place of publication, distribution, etc. Columbus:
Name of publisher, distributor, etc. The Bible Meditation League,
Date of publication, distribution, etc. 1957.
300 ## - PHYSICAL DESCRIPTION
Extent 878 + 269 + 22p.
Other physical details maps;
Dimensions 16cm
650 ## - SUBJECT ADDED ENTRY--TOPICAL TERM
Topical term or geographic name entry element Bible
Form subdivision English
9 (RLIN) 12281
942 ## - ADDED ENTRY ELEMENTS (KOHA)
Source of classification or shelving scheme Dewey Decimal Classification
Koha item type Reference Books
Holdings
Withdrawn status Lost status Source of classification or shelving scheme Damaged status Not for loan Home library Current Library Shelving location Date acquired Total checkouts Full call number Barcode Date last seen Copy number Price effective from Koha item type
    Dewey Decimal Classification     GRACE BIBLE COLLEGE GRACE BIBLE COLLEGE Bible 2018-07-03   220.5203 BIB 000026 2025-05-01 c.1 2018-07-03 Reference Books
© Grace Bible College Library 2025